[Event "Capablanca Memorial op 57th"]
[White "Rodriguez Arrieta, Maria Elena"]
[Black "Sotolongo Giron, Jose Tomas"]
[Site "Havana"]
[Round "4"]
[Result "0-1"]
[Date "2024.05.06"]
[WhiteElo "1951"]
[BlackElo "2119"]
[PlyCount "98"]
[EventDate "2024.05.03"]
[EventType "swiss"]
[EventRounds "10"]
[EventCountry "CUB"]
[SourceTitle "EXT 2025"]
[Source "ChessBase"]
[SourceDate "2024.10.14"]
[SourceVersion "1"]
[SourceVersionDate "2024.10.14"]
[SourceQuality "1"]

1. e4 Nf6 2. Nc3 d5 3. e5 Ne4 4. d4 Nxc3 5. bxc3 Bf5 6. Bd3 Qd7 7. Nf3 Nc6 8. 0-0 h6 9. Rb1 0-0-0 10. Re1 e6 11. Bb5 a6 12. Bf1 Na5 13. Bd3 Bh7 14. Qe2 Qc6 15. Bd2 Nc4 16. Be3 Be7 17. Nd2 Na3 18. Rb2 Qxc3 19. Rb3 Bxd3 20. cxd3 Qa5 21. Nb1 Nc2 22. Rc1 Nb4 23. a3 Nc6 24. Qb2 Kd7 25. Rxb7 Rb8 26. Kf1 Rxb7 27. Qxb7 Qb5 28. Qxb5 axb5 29. Rc3 Ra8 30. Rb3 b4 31. axb4 Bxb4 32. Ke2 Ra4 33. Nc3 Bxc3 34. Rxc3 Nxd4+ 35. Bxd4 Rxd4 36. Ra3 f6 37. exf6 gxf6 38. Ra8 c5 39. Rh8 Rh4 40. h3 Kd6 41. Rf8 Ke5 42. Rc8 c4 43. Kd2 Rd4 44. Rh8 Rxd3+ 45. Kc2 Ra3 46. Rxh6 Ra2+ 47. Kc3 Rxf2 48. Rg6 Kd6 49. h4 Kc5 0-1

[Event "Capablanca Memorial op 57th"]
[White "Sotolongo Giron, Jose Tomas"]
[Black "Diez Pulido, Rafael"]
[Site "Havana"]
[Round "3"]
[Result "1/2-1/2"]
[Date "2024.05.05"]
[WhiteElo "2119"]
[BlackElo "1879"]
[PlyCount "68"]
[EventDate "2024.05.03"]
[EventType "swiss"]
[EventRounds "10"]
[EventCountry "CUB"]
[SourceTitle "EXT 2025"]
[Source "ChessBase"]
[SourceDate "2024.10.14"]
[SourceVersion "1"]
[SourceVersionDate "2024.10.14"]
[SourceQuality "1"]

1. d4 f5 2. Nf3 g6 3. c4 Bg7 4. Nc3 Nf6 5. g3 0-0 6. Bg2 d6 7. Qc2 c6 8. 0-0 Na6 9. a3 Qe8 10. b4 Nc7 11. Bb2 e5 12. dxe5 dxe5 13. Rad1 e4 14. Nd4 Ne6 15. e3 Ng4 16. Nce2 Ne5 17. Nxe6 Bxe6 18. Bxe5 Bxe5 19. Nd4 Bf7 20. Rd2 a5 21. Rfd1 Qe7 22. c5 axb4 23. axb4 Ra2 24. Qb1 Rfa8 25. Rxa2 Rxa2 26. Bf1 Ra8 27. b5 Qxc5 28. bxc6 bxc6 29. Rc1 Qa3 30. Nxc6 Bf6 31. Qc2 Qb2 32. Bc4 Qxc2 33. Rxc2 Bxc4 34. Rxc4 Re8 1/2-1/2

[Event "Havana Province Oeste zt"]
[White "Sotolongo Giron, Jose Tomas"]
[Black "Pedroza Rizes, Juan Manuel"]
[Site "Havana"]
[Round "6"]
[Result "1-0"]
[Date "2009.10.10"]
[WhiteElo "2091"]
[BlackElo "1832"]
[PlyCount "113"]
[EventDate "2009.10.03"]
[EventType "swiss"]
[EventRounds "9"]
[EventCountry "CUB"]
[SourceTitle "EXT 2012"]
[Source "ChessBase"]
[SourceDate "2011.11.24"]
[SourceVersion "1"]
[SourceVersionDate "2011.11.24"]
[SourceQuality "1"]

1. d4 Nf6 2. Nf3 e6 3. Bg5 d5 4. e3 h6 5. Bh4 Be7 6. Bd3 Nbd7 7. Nbd2 0-0 8. Ne5 c5 9. c3 c4 10. Bc2 Qc7 11. f4 b5 12. a3 Bb7 13. 0-0 Rfe8 14. Bg3 Bd6 15. Qf3 a5 16. Bh4 b4 17. Ba4 Rf8 18. g4 Nb6 19. Bc2 b3 20. g5 hxg5 21. fxg5 Ne4 22. Bxe4 dxe4 23. Qh5 Bxe5 24. dxe5 Qxe5 25. Bg3 Qc5 26. Rae1 f6 27. h4 Rad8 28. Rf2 fxg5 29. Rxf8+ Rxf8 30. hxg5 Bc6 31. Qg4 Qf5 32. Qh5 Qh7 33. Qg4 Qg6 34. Re2 Rf5 35. Bh4 Rf8 36. Rg2 Bd5 37. Qe2 Rf3 38. Bg3 Rf5 39. Bc7 Na8 40. Bd8 Qf7 41. Bxa5 Rf3 42. Rf2 Rxf2 43. Qxf2 Qh5 44. Bd8 Qg4+ 45. Qg2 Qxg2+ 46. Kxg2 Kf7 47. Kg3 Ke8 48. Ba5 e5 49. g6 Kd7 50. Kg4 Ke7 51. Kf5 Kd7 52. Kxe5 Bg8 53. Nxe4 Nc7 54. Bxc7 Kxc7 55. Kd4 Kd7 56. a4 Kc6 57. Nd2 1-0

[Event "Havana Province Oeste zt"]
[White "Gomez Perdomo, Ronald"]
[Black "Sotolongo Giron, Jose Tomas"]
[Site "Havana"]
[Round "1"]
[Result "0-1"]
[Date "2009.10.03"]
[WhiteElo "2034"]
[BlackElo "2091"]
[PlyCount "62"]
[EventDate "2009.10.03"]
[EventType "swiss"]
[EventRounds "9"]
[EventCountry "CUB"]
[SourceTitle "EXT 2012"]
[Source "ChessBase"]
[SourceDate "2011.11.24"]
[SourceVersion "1"]
[SourceVersionDate "2011.11.24"]
[SourceQuality "1"]

1. e4 Nf6 2. e5 Nd5 3. Qf3 e6 4. Bc4 Nc6 5. Qe4 f5 6. exf6 Nxf6 7. Qe3 b6 8. d4 Bb7 9. Nf3 Bd6 10. Nc3 0-0 11. Bd2 Nb4 12. 0-0-0 Qe8 13. Rhg1 Qg6 14. Bb3 Ng4 15. Qe2 Ba6 16. Qe4 Nxf2 17. Qxg6 hxg6 18. Rde1 c6 19. a3 Nd5 20. Nxd5 cxd5 21. Ne5 Bxe5 22. Rxe5 Rac8 23. Rg5 Bd3 24. Bb4 Rf7 25. Kb1 Bf5 26. g4 Be4 27. Rg3 Nh1 28. Rg1 Rf2 29. h4 Rh2 30. h5 Nf2 31. Bc3 Nh3 0-1